| 000 | 00932naa a22002657a 4500 | ||
|---|---|---|---|
| 001 | BR6005057 | ||
| 003 | BR-BrBNA | ||
| 005 | 20240918172905.0 | ||
| 007 | ta | ||
| 008 | 230509b bl.||||| |||| 00| 0 por d | ||
| 040 |
_aBR-BrBNA _bpor _cBiblioteca Nacional de Agricultura |
||
| 041 | _a(En) | ||
| 072 |
_aQ10 _b1410 |
||
| 090 | _aQ10 BR6005057 | ||
| 100 | 1 | _aBurr, H.K. | |
| 111 | 1 |
_a1. Simposio Brasileiro de Feijao _cCampinas, SP (Brazil) _d22 Aug 1971 |
|
| 245 | 1 | _aPrecooked and quick-cooking beans products [feijao] | |
| 260 | 3 |
_aVicosa, MG (Brasil): _c1972. |
|
| 500 | _aAnais do 1. Simposio Brasileiro de Feijao Vicosa, MG (Brasil): 1972. v. 2 p. 477-498 (BR6005057-AM)Q10 | ||
| 650 | _aTECNOLOGIA DE ALIMENTO | ||
| 650 | _aFEIJAO | ||
| 773 | 0 |
_tAnais do 1. Simposio Brasileiro de Feijao _wQ10 BR6005057 _gVicosa, MG (Brasil), 1972. v. 2 p. 477-498 |
|
| 909 |
_a202404 _bLucia _c55 _dLucia Elande |
||
| 942 |
_cAM _2AGRIS |
||
| 999 |
_c301926 _d301926 |
||